| 000 | 01039nmm a2200313 a 4500 | ||
|---|---|---|---|
| 003 | AR-BaBNM | ||
| 005 | 20251128211113.0 | ||
| 008 | 242120s1980 ||||||||||||||000 | spa|| | ||
| 040 | _cAR-BaBNM | ||
| 245 | 1 | 0 |
_aValoración de la palabra : la narración sin láminas _bfundamentación psicogenética, plástica y literaria para la implementación de su metodología en el jardín de infantes |
| 260 |
_aBuenos Aires _bGuadalupe _c1980 |
||
| 300 | 0 |
_a238 p. _bil., fot. |
|
| 504 | _aBibliografía de Jean Piaget p. 214-216 | ||
| 600 | 1 | 4 | _aPiaget, Jean |
| 650 | 4 | _aNARRACION DE CUENTOS | |
| 650 | 4 | _aTECNICAS DIDACTICAS | |
| 650 | 4 | _aMATERIAL DIDACTICO | |
| 650 | 4 | _aEXPRESION ORAL | |
| 650 | 4 | _aEXPRESION ARTISTICA | |
| 650 | 4 | _aEDUCACION ARTISTICA | |
| 650 | 4 | _aPSICOLOGIA GENETICA | |
| 653 | 0 | _aENSENANZA DE LA LITERATURA | |
| 700 | 1 | _aPastoriza de Etchebarne, Dora | |
| 700 | 1 | _aMartinez Ramos, Elda A. M. de | |
| 700 | 1 | _aMorales, María Rosa E. de | |
| 700 | 1 | _aNegri, Nydia | |
| 942 | _cBK | ||
| 998 | _craquel | ||
| 999 |
_c18245 _d18245 |
||